000 00557nam a2200193Ia 4500
003 GCL
008 140319s9999 xx 000 0 ara d
040 _aGCL /
_cGCL
082 0 4 _a811.00938
_bن خ
100 1 _aنفوسة زكريا سعيد
245 1 0 _aخرافات لافونتين فى الادب العربى /
_cنفوسة زكريا سعيد
300 _a138 ص
490 _aكتاب
_v0
650 0 4 _aالادب العربى
650 0 4 _aالادب
650 0 4 _aالادب الشعبى
650 0 4 _aالخرافات
942 _2ddc
_cBK
999 _c41278
_d41278